[Event "DEM U12 2016"]
[Site "Willingen GER"]
[Date "2016.05.19"]
[Round "8"]
[White "Stahnecker, Hagen"]
[Black "Röhr, Oliver"]
[Result "0-1"]
[Termination "normal"]
[Board "24"]
[WhiteElo "1316"]
[BlackElo "1739"]
[PlyCount "50"]
[WhiteFideId "16225422"]
[BlackFideId "12987697"]
[EventCountry "GER"]
[EventRounds "11"]
[EventType "swiss"]
[EventDate "2016.05.14"]

1. e4 e5 2. Nf3 Nc6 3. Bc4 Bc5 4. d3 h6 5. O-O d6 6. c3 Nf6 7. Nbd2 O-O 8. b4
Bb6 9. a4 a5 10. b5 Ne7 11. h3 Ng6 12. Re1 Nf4 13. d4 N6h5 14. Nf1 Qf6 15. Bxf4
Nxf4 16. Ng3 Be6 17. dxe5 dxe5 18. Ba2 Qg6 19. Kf1 Rad8 20. Nxe5 Rxd1 21. Nxg6
Rxe1+ 22. Kxe1 fxg6 23. Bxe6+ Nxe6 24. f3 Nf4 25. Kf1 Rd8 0-1

[Event "DEM U12 2016"]
[Site "Willingen GER"]
[Date "2016.05.19"]
[Round "8"]
[White "Marzisch, Darius"]
[Black "Parshykov, Edgar"]
[Result "1/2-1/2"]
[Termination "normal"]
[Board "25"]
[WhiteElo "1493"]
[BlackElo "1599"]
[PlyCount "49"]
[WhiteFideId "12997480"]
[BlackFideId "16222458"]
[EventCountry "GER"]
[EventRounds "11"]
[EventType "swiss"]
[EventDate "2016.05.14"]

1. e4 c6 2. d4 d5 3. exd5 cxd5 4. c4 Nf6 5. Nc3 e6 6. Nf3 Nc6 7. Be3 Be7 8. Bd3
O-O 9. O-O dxc4 10. Bxc4 Nb4 11. Qd2 Nbd5 12. a3 b6 13. Ne5 Bb7 14. Rac1 a6 15.
Rfd1 Rc8 16. Ba2 Nxc3 17. Rxc3 Rxc3 18. Qxc3 Nd5 19. Qd3 Bf6 20. h3 Qd6 21. Ng4
Bd8 22. Ne5 Nxe3 23. fxe3 Bc7 24. Bb1 g6 25. Qe2 1/2-1/2

[Event "DEM U12 2016"]
[Site "Willingen GER"]
[Date "2016.05.19"]
[Round "8"]
[White "Yüksel, Baran"]
[Black "Jakob, Georg"]
[Result "0-1"]
[Termination "normal"]
[Board "27"]
[WhiteElo "1351"]
[BlackElo "1533"]
[PlyCount "94"]
[WhiteFideId "12998710"]
[BlackFideId "16224221"]
[EventCountry "GER"]
[EventRounds "11"]
[EventType "swiss"]
[EventDate "2016.05.14"]

1. e4 c5 2. d4 cxd4 3. c3 dxc3 4. Nxc3 a6 5. Nf3 e6 6. Bc4 b5 7. Bb3 Bb7 8. a3
Ne7 9. Bf4 Ng6 10. Bg3 Be7 11. O-O O-O 12. e5 Nc6 13. Re1 Qc7 14. Rc1 Rac8 15.
Qd2 Qb8 16. Bc2 Rfd8 17. Bxg6 hxg6 18. h3 Na5 19. Qd1 Nc4 20. Rc2 Nxb2 21. Rxb2
Rxc3 22. Qd2 Qc7 23. Re3 Rxe3 24. Qxe3 Bxf3 25. gxf3 Qc5 26. Rb3 Qxe3 27. Rxe3
d5 28. exd6 Bxd6 29. Rd3 Bc7 30. Rxd8+ Bxd8 31. Bf4 Be7 32. Bc1 Kf8 33. Kf1 Ke8
34. Ke2 Kd7 35. f4 Kd6 36. Kd3 Kd5 37. f3 a5 38. Kc3 b4+ 39. axb4 Bxb4+ 40. Kd3
a4 41. Bb2 f6 42. Ba1 Bd6 43. Kc3 e5 44. f5 gxf5 45. Kd3 e4+ 46. fxe4+ fxe4+
47. Ke3 Be5 0-1

[Event "DEM U12 2016"]
[Site "Willingen GER"]
[Date "2016.05.19"]
[Round "8"]
[White "Ewerhardy, Moritz"]
[Black "Simukov, Erik"]
[Result "0-1"]
[Termination "normal"]
[Board "28"]
[WhiteElo "1382"]
[BlackElo "1518"]
[PlyCount "108"]
[WhiteFideId "36052086"]
[BlackFideId "12995380"]
[EventCountry "GER"]
[EventRounds "11"]
[EventType "swiss"]
[EventDate "2016.05.14"]

1. d4 d5 2. c4 e6 3. Nc3 Nf6 4. Bf4 Be7 5. Nf3 O-O 6. e3 c6 7. cxd5 exd5 8. Bd3
Nbd7 9. O-O Re8 10. Rc1 Nf8 11. Ne5 Ne6 12. Bg3 g6 13. Qf3 Ng7 14. Rfd1 Bf5 15.
Qe2 Bxd3 16. Rxd3 Nf5 17. h3 Nxg3 18. fxg3 Bd6 19. Ng4 Bxg3 20. Qf3 Nxg4 21.
Qxg3 Nh6 22. Qf4 Nf5 23. Rf1 Qe7 24. Rf3 Rad8 25. Qg4 Nd6 26. b3 Ne4 27. Nb1
Qg5 28. Qxg5 Nxg5 29. Rg3 Ne4 30. Rf3 Rd6 31. Nc3 Rde6 32. Kf1 Kf8 33. Ke2 Ke7
34. Rf4 Nd6 35. g4 f5 36. g5 Kf7 37. Na4 Ne4 38. h4 b6 39. Nc3 Rc8 40. Nxe4
dxe4 41. Rc3 Ke7 42. b4 Kd7 43. a3 Rd6 44. Kd2 c5 45. bxc5 bxc5 46. h5 cxd4 47.
Rxc8 dxe3+ 48. Kxe3 Rd3+ 49. Ke2 Kxc8 50. hxg6 hxg6 51. Rh4 Rxa3 52. Rh8+ Kd7
53. Rh7+ Ke6 54. Rg7 f4 0-1

[Event "DEM U12 2016"]
[Site "Willingen GER"]
[Date "2016.05.19"]
[Round "8"]
[White "Maas, Kolja"]
[Black "Riemann, Jonas"]
[Result "1/2-1/2"]
[Termination "normal"]
[Board "29"]
[WhiteElo "1432"]
[BlackElo "1408"]
[PlyCount "106"]
[WhiteFideId "16220420"]
[BlackFideId "12977462"]
[EventCountry "GER"]
[EventRounds "11"]
[EventType "swiss"]
[EventDate "2016.05.14"]

1. e4 e6 2. d4 d5 3. Nd2 Nf6 4. e5 Nfd7 5. Ngf3 c5 6. c3 Nc6 7. Bd3 cxd4 8.
cxd4 Be7 9. O-O Nb6 10. a3 a5 11. Re1 O-O 12. Qc2 h6 13. Nf1 Bd7 14. Ng3 Rc8
15. Qe2 a4 16. Qe3 Bg5 17. Nxg5 hxg5 18. Ne2 f5 19. Qxg5 Qxg5 20. Bxg5 Kf7 21.
h4 Na5 22. h5 Nbc4 23. Bxc4 Nxc4 24. Rab1 Bb5 25. Nc3 Bd7 26. h6 gxh6 27. Bxh6
Rg8 28. Be3 Rg4 29. Ne2 Nxe3 30. fxe3 Rc2 31. Nf4 Rg8 32. Re2 Rgc8 33. Rxc2
Rxc2 34. Kh2 Bb5 35. Kg3 Bc4 36. Rh1 Rxb2 37. Rh7+ Kg8 38. Re7 b5 39. Rxe6 b4
40. axb4 a3 41. Rg6+ Kf8 42. Rf6+ Ke7 43. Ng6+ Kd7 44. e6+ Kc7 45. e7 Bb5 46.
Ra6 a2 47. Ra3 Kd7 48. Kf3 Ke6 49. Ra7 Kf7 50. Nh8+ Ke8 51. Ng6 Kf7 52. Nh8+
Ke8 53. Ng6 Kf7 1/2-1/2

[Event "DEM U12 2016"]
[Site "Willingen GER"]
[Date "2016.05.19"]
[Round "8"]
[White "Jeschke, Jan"]
[Black "Zwecker, Hagen"]
[Result "0-1"]
[Termination "normal"]
[Board "30"]
[WhiteElo "1167"]
[BlackElo "1325"]
[PlyCount "110"]
[WhiteFideId "16225430"]
[BlackFideId "12991007"]
[EventCountry "GER"]
[EventRounds "11"]
[EventType "swiss"]
[EventDate "2016.05.14"]

1. e4 e5 2. Nf3 Nc6 3. Bc4 Bc5 4. c3 Nf6 5. d4 exd4 6. cxd4 Bb4+ 7. Nc3 Nxe4 8.
O-O Nxc3 9. Qe1+ Be7 10. bxc3 O-O 11. Qe4 d6 12. Re1 Re8 13. Bg5 g6 14. d5 Bf5
15. Qf4 Na5 16. Rxe7 Rxe7 17. Qh4 Qe8 18. Bxe7 Nxc4 19. Ng5 h5 20. Qxc4 Qxe7
21. h4 Re8 22. Qd4 Qe5 23. Qa4 Re7 24. Qb3 b6 25. Nf3 Qf6 26. Nd4 Bd7 27. g3
Qe5 28. Kh2 Kh7 29. Qc4 Be8 30. a4 f5 31. Ne6 c5 32. Qd3 Bf7 33. f4 Qf6 34.
Ng5+ Kg7 35. Ra2 Kg8 36. c4 Qd4 37. Qxd4 cxd4 38. Rd2 Re1 39. Rxd4 Ra1 40. Ne6
Rxa4 41. Nc7 a5 42. Nb5 Ra2+ 43. Kg1 a4 44. Nxd6 a3 45. Nb5 Ra1+ 46. Kf2 a2 47.
Nc3 Rf1+ 48. Kxf1 a1=Q+ 49. Rd1 Qxc3 50. d6 Qxc4+ 51. Ke1 Qe4+ 52. Kd2 Qd4+ 53.
Kc1 Qc3+ 54. Kb1 Ba2+ 55. Kxa2 Qc2+ 0-1